000
00185 a2200097 4500
020
_a
9780590899314
041
_a
spa
100
_a
Waters, Kate
245
_a
La Danza del Leon
942
_c
BK
999
_c
3785
_d
3785